[Event "Guimaraes Open 2018"]
[Site "Guimaraes"]
[Date "2018.10.06"]
[Round "3"]
[White "Represa Perez, Mireya"]
[Black "Martin Duque, Jesus"]
[Result "0-1"]
[WhiteElo "2151"]
[BlackElo "2383"]
[Annotator "TA"]
[PlyCount "216"]
[EventDate "2018.10.04"]
[EventType "swiss"]
[EventCountry "POR"]
[SourceTitle "playchess.com"]
[Source "ChessBase"]
[SourceQuality "1"]

{[%evp 37,216,0,0,0,0,0,0,-19,-11,-19,-20,-16,0,-7,0,-4,0,0,0,-39,-29,-51,0,-53,-38,-68,-45,-45,-38,-45,-38,-72,-72,-62,-68,-64,-52,-72,-70,-73,-73,-69,-60,-65,0,-73,-73,-63,-58,-77,-27,-56,-53,-70,-26,-52,-52,-91,-71,-94,-82,-109,-116,-102,-83,-74,-80,-84,-81,-94,-94,-161,-80,-75,-67,-87,-87,-81,-81,-89,-75,-126,-120,-95,-116,-94,-74,-82,-67,-66,-8,-81,-75,-81,-81,-81,-74,-81,-80,-86,-77,-86,-86,-86,-77,-117,-99,-104,-95,-205,-204,-216,-204,-235,-229,-251,-218,-298,-241,-301,-310,-295,-297,-284,-297,-279,-283,-320,-272,-288,-208,-197,0,-284,-263,-272,-269,-229,-131,-103,0,0,0,0,0,-8,-13,-18,0,-408,-416,-620,-545,-607,-594,-641,-631,-645,-852,-814,-785,-919,-749,-799,-1053,-1293,-1237,-1196,-1162,-1817,-1786,-29978,-29974,-29989,-29990,-29990,-29989,-29989,-29990,-29990,-29991]} 1. e4 c5 2. Nf3 d6 3. d4 Nf6 4. Nc3 cxd4 5. Qxd4 Nc6 6. Bb5 Bd7 7. Bxc6 Bxc6 8. Bg5 e6 9. O-O-O Be7 10. Rhe1 O-O 11. e5 dxe5 12. Qh4 Qc7 13. Nxe5 Rfd8 14. Ng4 Rxd1+ 15. Rxd1 Nxg4 {B53: Sizilianisch (Ungarische Variante)} 16. Bxe7 Qf4+ 17. Kb1 (17. Rd2 Qf5 {½-½ (17) Moroz,R (2403)-Blednov,S (2471) Golubitskaya 2017}) 17... Qf5 18. f3 Ne3 19. Rd2 h6 {LiveBook: 3 Partien} 20. Qd4 Nd5 $1 {[%cal Rd5e7]} 21. Nxd5 Bxd5 22. Rd3 $146 ({Vorgänger:} 22. b3 a6 23. Kb2 {½-½ (74) Sahu,S (2250)-Udeshi,A (2355) New Delhi 2007}) 22... Qh5 23. h4 f6 24. Bb4 Rc8 {Weiss muss nun ...Tc4 beachten.} 25. b3 a6 26. Be1 Bc6 27. g4 Qg6 28. Qe3 e5 29. Rc3 Re8 (29... e4 $15) 30. h5 (30. Bd2 $1 $11) 30... Qf7 31. Bd2 Qe6 32. Qg1 Rd8 33. Bc1 Rd5 34. Re3 Rd4 35. Re1 Qd7 36. Bb2 Rd5 37. Bc1 Kh8 38. Bb2 b5 39. Bc1 Qb7 40. Qf2 Qd7 ({Lieber} 40... Kg8 $15) 41. Qe2 (41. Qg1 $1 $11 {hält das Gleichgewicht.}) 41... Rd6 42. Be3 Qb7 43. Rf1 Qf7 44. Bc1 Qd7 45. Re1 Bd5 46. Rf1 Bg8 47. Rh1 Bh7 48. Rh2 Rd1 49. Rg2 Qd4 50. Rf2 a5 {[%cal Ba6a5,Ba5a4][%mdl 32]} 51. Rf1 Rxf1 52. Qxf1 Qd5 53. Qf2 a4 54. Qe3 (54. Kb2 $17) 54... Qd1 (54... Qc6 $19 {und Schwarz behält klar die Oberhand.} 55. Qd2 Qxf3) 55. Qc3 $17 Bg8 56. Qc6 Qd5 57. Qc3 Qd7 58. Qe3 Qc6 59. Qd3 ({Günstiger ist} 59. Kb2) 59... Bd5 60. f4 exf4 61. Bxf4 Be4 62. Qd2 Kh7 63. Kb2 Qd5 (63... Qc5 $15) 64. Qe3 (64. Qxd5 $11 Bxd5 65. c4 bxc4 66. bxa4) 64... Bf3 65. Bxh6 Bxg4 {Droht ...a3+! und aus.} 66. Bf4 Bxh5 67. Qh3 Kg6 68. Be3 Kf7 69. Qh4 axb3 70. axb3 Bg6 71. Qf2 Be4 72. Bd4 Qc6 73. Bc3 {[#]} (73. Qh2 $17 {kämpft weiter.}) 73... g5 $1 $19 74. Bd4 Kg6 75. Bc3 f5 76. Bd4 f4 77. c3 Bh1 78. Ka3 Qg2 79. Qe1 Qe4 80. Qf1 Qe7+ 81. Kb2 Bc6 82. Qf2 Qe4 83. Ka3 Qg2 {...Dxf2 ist eine echte Drohung.} 84. Qe1 Qe4 (84... Kh5 $142 85. Qe6 Qd5 86. Qh3+ Kg6) 85. Qf2 $1 Kf5 86. Qh2 Qe7+ 87. Kb2 Bf3 (87... Be8 $19 88. Qh1 Qe6 89. Qh7+ Kg4) 88. Qh3+ $17 {[#]} g4 (88... Bg4 $1 $17 {[%cal Rg4h3]} 89. Qh6 (89. Qd3+ Qe4 $17) 89... Be2) 89. Qh5+ $11 Qg5 90. Qf7+ Ke4 {Droht stark ...Df5.} 91. Qe6+ Kd3 {Und weiter mit ...Le4 wäre nett.} 92. Qe1 g3 93. Qb1+ $2 {[%mdl 8192]} (93. Qf1+ $1 $11 {und Weiss muss sich keine Sorgen machen.} Ke4 94. Qb1+ Kd5 95. Qd3) 93... Ke2 $19 94. Qc2+ (94. Qh7 $142) 94... Kf1 95. Qc1+ Kg2 96. Qe1 Kh3 97. Qe6+ Bg4 98. Qe1 Qd5 99. Ka3 Bf3 100. Qf1+ Kg4 101. Qd3 Be4 102. Qd1+ f3 {[%cal Bf4f3,Bf3f2][%mdl 32]} 103. Qg1 Qd6+ 104. Bc5 f2 {Schwarz setzt Matt.} 105. Qf1 Qxc5+ 106. Kb2 Bf3 107. Qd3 Qf5 108. Qf1 Be4 {Precision: Weiß = 33%, Schwarz = 66%.} 0-1

[Event "Guimaraes Open 2018"]
[Site "Guimaraes"]
[Date "2018.10.06"]
[Round "3"]
[White "Abella Vazquez, Cesar"]
[Black "Pazos Porta, Antonio"]
[Result "1/2-1/2"]
[WhiteElo "2144"]
[BlackElo "2333"]
[Annotator "TA"]
[PlyCount "55"]
[EventDate "2018.10.04"]
[EventType "swiss"]
[EventCountry "POR"]
[SourceTitle "playchess.com"]
[Source "ChessBase"]
[SourceQuality "1"]

{[%evp 30,55,42,21,8,0,31,31,66,45,105,13,20,25,21,13,25,7,16,24,19,0,0,0,0,0,35,22]} 1. e4 c5 2. Nf3 e6 3. d4 cxd4 4. Nxd4 a6 5. c4 Nf6 6. Nc3 Qc7 7. a3 Be7 8. Be3 d6 9. Be2 Nbd7 10. Rc1 O-O 11. O-O b6 12. b4 {B41: Sicilian: Kan Variation: 5 c4} Bb7 13. f3 Rac8 (13... Rfc8 14. Qd2 Qd8 15. Rfd1 Rab8 16. Kh1 {½-½ (44) Xiong,J (2634)-Gordievsky,D (2622) Wijk aan Zee 2018}) 14. Kh1 Qb8 15. Na4 Rfe8 16. Nb3 {LiveBook: 3 Games} Bc6 17. Nd4 Ba8 18. Qd2 d5 $146 ({Predecessor:} 18... Bf8 19. Rfd1 h6 {½-½ (54) Rodi Maletich,L (2436)-Vajda,A ICCF email 2008}) 19. cxd5 (19. exd5 {is more complex.} exd5 20. Nf5 dxc4 21. Bxc4 Bf8 22. Bf4) 19... exd5 (19... Rxc1 $14 20. Rxc1 exd5) 20. Bxa6 (20. Bf4 $16 Qb7 21. Rxc8 Rxc8 22. e5) 20... Rxc1 $11 21. Qxc1 dxe4 22. Nc6 Bxc6 23. Qxc6 exf3 24. Qxf3 Ne5 25. Qb7 Qxb7 26. Bxb7 Nc4 27. Bc1 Bd8 28. Nc3 {Precision: White = 42%, Black = 44%.} 1/2-1/2

[Event "Guimaraes Open 2018"]
[Site "Guimaraes"]
[Date "2018.10.06"]
[Round "3"]
[White "Fernandes, Miguel Antonio"]
[Black "Martins, Bruno Andre Leite"]
[Result "1-0"]
[WhiteElo "2048"]
[BlackElo "2262"]
[Annotator "TA"]
[PlyCount "39"]
[EventDate "2018.10.04"]
[EventType "swiss"]
[EventCountry "POR"]
[SourceTitle "playchess.com"]
[Source "ChessBase"]
[SourceQuality "1"]

{[%evp 24,39,64,52,220,184,489,500,461,477,468,422,29989,29990,29991,29992,29992,29993]} 1. d4 Nf6 2. c4 g6 3. Nc3 Bg7 4. e4 d6 5. h3 O-O 6. Nf3 c5 7. d5 e6 8. Bd3 exd5 9. exd5 Re8+ 10. Be3 Bh6 11. O-O {E90: King's Indian: Classical: Early deviations and 6 h3} Bxe3 12. fxe3 Rxe3 (12... Qe7 13. e4 Nbd7 14. Rf2 Rf8 15. Qd2 Ne8 16. Raf1 Ne5 17. Qe2 Bd7 18. Bc2 a6 19. a4 b6 20. b3 Rb8 {0-1 (47) Riazantsev,A (2692)-Wang,H (2729) Dubai 2014}) 13. Qd2 {LiveBook: 3 Games. White is slightly better.} Re8 $2 (13... Qe7 $14) 14. Qh6 $18 {[%mdl 1024] [#] Ng5 is the strong threat. White has strong compensation.} Qe7 $2 (14... Re7 {is more resistant.} 15. Ng5 Nbd7) 15. Ng5 Qe3+ 16. Kh1 Nbd7 {[#]} 17. Nce4 $1 {[%mdl 512]} Qd4 (17... Rxe4 $18 18. Bxe4 Qe2) 18. Rae1 {White mates.} Rd8 {[#]} 19. Rf4 $146 ({Predecessor:} 19. Nxf7 Kxf7 20. Ng5+ Kg8 21. Ne6 Ng4 22. hxg4 Qxb2 23. Rf7 {1-0 (23) Sambuev,B (2562)-Khruschiov,A (2440) Tula 2004}) 19... Qxb2 20. Ref1 1-0

[Event "Guimaraes Open 2018"]
[Site "Guimaraes"]
[Date "2018.10.06"]
[Round "3"]
[White "Sousa, Hugo Carneiro"]
[Black "Fidalgo, Andre Neves"]
[Result "0-1"]
[WhiteElo "2014"]
[BlackElo "2180"]
[Annotator "TA"]
[PlyCount "204"]
[EventDate "2018.10.04"]
[EventType "swiss"]
[EventCountry "POR"]
[SourceTitle "playchess.com"]
[Source "ChessBase"]
[SourceQuality "1"]

{[%evp 20,204,-6,-6,-13,-25,-35,-30,-30,-29,-14,-16,-22,-15,-14,-14,-6,-16,-7,-42,-5,-39,-27,-28,-27,-42,-32,-32,-33,-37,-34,-36,-35,-53,-53,-66,-58,-67,-47,-54,-51,-68,-70,-70,-70,-71,-36,-100,-96,-127,-127,-108,-56,-63,0,0,0,-127,-127,-127,-104,-104,-104,-127,-104,-258,-104,-104,-81,-249,-104,-104,-93,-93,-81,-81,-80,-81,0,-81,-81,-103,-79,-79,-79,-79,-58,-69,-66,-118,-65,-79,-83,-83,-65,-88,-66,-66,0,-87,-87,-87,-88,-96,-66,-69,-72,-81,-66,-107,-72,-73,-72,-82,-73,-73,-73,-149,-68,-129,-117,-634,-351,-357,-141,-119,0,-248,-263,-281,-97,-132,-123,-139,-154,-156,-146,-1091,-1008,-1309,-117,-117,-117,-124,-117,-117,-117,-117,-117,-125,-124,-127,-125,-132,-124,-134,-5,-54,0,-68,-52,-29979,-29983,-29983,-29984,-29984,-29985,-29985,-29977,-29977,-29971,-29978,-29971,-29978,0,-29978,-29979,-29979,-29980,-29983,-29984,-29984,-29985,-29987,-29988,-29988,-29989]} 1. e4 c5 2. c3 Nf6 3. e5 Nd5 4. Nf3 e6 5. Bc4 d6 6. d4 cxd4 7. cxd4 Be7 8. Qe2 {B22: Sicilian: 2 c3} O-O 9. O-O b6 10. Nc3 Nxc3 11. bxc3 {LiveBook: 31 Games} Bb7 12. Ba3 $146 ({Predecessor:} 12. Bd3 Nc6 13. Qe4 g6 14. Bh6 Re8 15. Qf4 dxe5 16. Nxe5 Nxe5 17. Qxe5 {1-0 (39) Belyakov,B (2486)-Inarkiev,E (2694) Sochi 2017}) 12... dxe5 13. Bxe7 Qxe7 14. Nxe5 Nd7 15. Bb3 Rac8 16. Rac1 Nxe5 17. Qxe5 Qc7 18. Qe3 Qc6 {[%csl Gb7][%cal Rc6g2]} 19. Qg3 (19. f3 {with more complications.} h6 20. c4 Qd6 21. a4 Rfd8 22. Rfd1) 19... Ba6 20. Rfe1 (20. c4 $5) 20... Bc4 21. Re3 Rfd8 {[%cal Bf8d8,Bd8d5,Bd5g5][%mdl 32]} 22. Bc2 g6 23. a4 Qc7 24. Qh4 Rd5 25. Qf6 Qd8 26. Qf3 Rg5 27. Qf4 Bd5 28. f3 Bc4 29. Rce1 Ra5 30. Re5 Rxe5 31. Qxe5 Bd5 32. Re3 Qf8 33. Be4 ({White should play} 33. h4 $15) 33... Bxe4 $17 34. Qxe4 {[%mdl 4096] Endgame KQR-KQR} Qa3 35. Qb7 Qc1+ (35... Rxc3 $17 36. Rxc3 Qxc3 37. Qb8+ Kg7 38. Qe5+ Kf8 39. Qb8+ Ke7 40. Qxa7+ Kf6) 36. Kf2 $15 Rxc3 (36... Qd2+ $1 $15 37. Kg3 Rf8) 37. Rxc3 $11 Qxc3 38. Qxa7 (38. Qb8+ $1 $11 Kg7 39. Qe5+ f6 40. Qd6) 38... Qxd4+ $15 {KQ-KQ} 39. Kg3 Kg7 40. h4 h6 41. Qa8 Qe5+ 42. Kf2 $2 (42. Kh3 $17 {is the only way for White.}) 42... Qc5+ (42... Qf4 $1 $19 43. g3 Qd4+ 44. Kg2 Qb2+ 45. Kh3 Qa1) 43. Kg3 $17 Qd6+ 44. Kf2 $2 (44. Kh3 $17 {only move.}) 44... Qd2+ (44... Qf4 $1 $19 {and Black stays clearly on top.} 45. g3 Qd4+ 46. Kg2 Qb2+ 47. Kh3 Qa1) 45. Kg3 Qe1+ 46. Kh3 Qe5 (46... e5 {is more complex.} 47. Qd5 Qh1+ 48. Kg3 Qa1 49. Qb5 Qd4) 47. Qc6 Qf5+ 48. Kg3 Qe5+ 49. Kh3 $1 Qd4 50. Kg3 g5 (50... e5 {seems wilder.} 51. Kh3 h5 52. Kg3 Qf4+ 53. Kh3 Qf6) 51. hxg5 hxg5 {[%csl Gg5][%cal Rd4h4]} 52. Kh2 Qe3 53. Qb5 Kf6 {Strongly threatening ...Qe5+.} 54. Qc6 {[#]} ({Better is} 54. Qe8 $15) 54... Qe5+ (54... g4 $1 $17 {[%mdl 512]} 55. fxg4 Qf4+ 56. g3 Qxg4 57. Qxb6 Qxa4 58. Qd8+ Kf5) 55. Kg1 Qe1+ 56. Kh2 Qe3 57. Qd7 Qf4+ 58. Kg1 Qe3+ 59. Kh2 $1 Qe5+ 60. Kg1 Qd5 61. Qe8 Qd1+ 62. Kh2 Qd6+ 63. Kg1 Qd5 64. Kh2 Qe5+ 65. Kg1 Qc7 66. Kf1 Ke5 67. Qb5+ Qc5 68. Qe8 {[#]} ({White should try} 68. Qe2+ Kd6 69. g4) 68... f6 (68... Kf4 $1 $17 {[%cal Rf4e3]} 69. Qh8 Ke3) 69. Qa8 (69. g3 $15) 69... Qd5 70. Qe8 $2 {[%mdl 8192]} (70. Qb8+ $17 Qd6 71. Qc8) 70... Kd4 71. Kf2 Qa2+ $2 (71... Kd3 $19 {has better winning chances.} 72. Qg6+ Qf5) 72. Kg3 {[#]} Qd5 (72... Qc4 $1 $17 73. Kf2 Kc3) 73. Qe7 $2 (73. Kf2 $1 $11 {and White is okay.}) 73... Qe5+ $19 74. Kf2 {intending Qb4+.} Qe3+ $2 (74... Kd3 $19 {is more deadly. And now ...Qe2+ would win.} 75. Kf1 Qe2+ 76. Kg1 Qe1+ 77. Kh2 Qh4+ 78. Kg1 Qxa4 79. Qxe6 b5 80. Qf5+ Kc3) 75. Kg3 Qe1+ 76. Kh2 Qe5+ 77. Kg1 Kd3 78. Qe8 $2 {[%mdl 8192]} (78. Qa3+ $17 Kc4 79. Qa2+ Kb4 80. Qb1+ Ka5 81. Kh1) 78... Ke2 79. Qc6 Qc5+ $2 (79... Qe3+ $19 80. Kh2 Qe5+ 81. g3 Qd5 82. Qxb6 Kxf3) 80. Qxc5 $17 bxc5 {KP-KP} 81. a5 c4 82. a6 c3 {( -> ...c2)} 83. a7 c2 84. a8=Q c1=Q+ {KQ-KQ} 85. Kh2 Qf4+ 86. Kg1 Qd4+ 87. Kh2 Qh4+ (87... Qe5+ $17 88. Kg1 Qd4+ 89. Kh2 Qh4+ 90. Kg1 Qd4+) 88. Kg1 $15 Qd4+ 89. Kh2 Qc4 {Hoping for ...f5.} 90. Qb7 $2 {[%mdl 8192]} (90. Qd8 $15) 90... Qh4+ 91. Kg1 Qd4+ 92. Kh2 Kf2 {[%cal Rd4h4]} 93. g3 Qe5 94. Qb6+ Kxf3 95. Qc6+ Kf2 96. Qb6+ Kf3 97. Qc6+ $1 Qe4 {Black mates.} 98. Qc3+ Kg4 99. Qxf6 Qe2+ 100. Kg1 Qe1+ 101. Kh2 Qxg3+ 102. Kh1 Qf3+ {Precision: White = 43%, Black = 41%.} 0-1

[Event "Guimaraes Open 2018"]
[Site "Guimaraes"]
[Date "2018.10.06"]
[Round "3"]
[White "Silva, Goncalo Nuno Neto P"]
[Black "Soares, Sara Joana De Moura"]
[Result "1-0"]
[WhiteElo "1996"]
[BlackElo "1431"]
[Annotator "NA RC"]
[PlyCount "57"]
[EventDate "2018.10.04"]
[EventType "swiss"]
[EventCountry "POR"]
[SourceTitle "playchess.com"]
[Source "ChessBase"]
[SourceQuality "1"]
[TimeControl "5400+30"]

1. e4 {[%emt 0:03:47]} e5 {[%emt 0:00:00]} 2. Nf3 {[%emt 0:00:40]} Nc6 {[%emt 0:00:38]} 3. Bc4 {[%emt 0:01:16]} Bc5 {[%emt 0:00:33]} 4. O-O {[%emt 0:02:34]} Nf6 {[%emt 0:01:23]} 5. d3 {[%emt 0:00:37]} d6 {[%emt 0:01:30]} 6. h3 {[%emt 0:00:08]} h6 {[%emt 0:03:59]} 7. c3 {[%emt 0:00:51]} a6 {[%emt 0:01:41]} 8. d4 {[%emt 0:02:46]} exd4 {[%emt 0:10:46]} 9. cxd4 {[%emt 0:00:45]} Ba7 {[%emt 0:00:08]} 10. Nc3 {[%emt 0:00:07]} O-O {[%emt 0:04:10]} 11. Bb3 {[%emt 0:01:05]} Re8 {[%emt 0:10:22]} 12. Re1 {[%emt 0:00:45]} b5 {[%emt 0:11:34]} 13. a3 {[%emt 0:02:35]} Bb7 {[%emt 0:01:44]} 14. Bc2 {[%emt 0:00:15]} Qd7 {[%emt 0:10:42]} 15. Bf4 {[%emt 0:02:10]} Rad8 {[%emt 0:03:39]} 16. Qd3 {[%emt 0:00:34]} Ne7 {[%emt 0:06:28]} 17. e5 {[%emt 0:10:33]} dxe5 {[%emt 0:03:43]} 18. Bxe5 {[%emt 0:01:00]} Ng6 {[%emt 0:00:59]} 19. Bxf6 {[%emt 0:02:09]} gxf6 {[%emt 0:00:52]} 20. Rxe8+ {[%emt 0:03:01]} Rxe8 {[%emt 0:00:30]} 21. Rd1 {[%emt 0:00:52]} Qc6 {[%emt 0:07:49]} 22. h4 {[%emt 0:08:21]} h5 {[%emt 0:02:13]} 23. d5 {[%emt 0:04:08]} Qc5 {[%emt 0:02:54]} 24. Ne4 {[%emt 0:00:22]} Qe7 {[%emt 0:00:51]} 25. Ng3 {[%emt 0:00:18]} Qc5 {[%emt 0:03:51]} 26. Rd2 {[%emt 0:02:52]} Qd6 {[%emt 0:02:14]} 27. Nxh5 {[%emt 0:04:06]} Rd8 {[%emt 0:02:47]} 28. Qf5 {[%emt 0:00:34]} Bc8 {[%emt 0:02:23]} 29. Nxf6+ {[%emt 0:00:38]} 1-0

[Event "Guimaraes Open 2018"]
[Site "Guimaraes"]
[Date "2018.10.06"]
[Round "3"]
[White "Fidalgo, Daniel Neves"]
[Black "Veiga, Jose Francisco Reis"]
[Result "0-1"]
[WhiteElo "1994"]
[BlackElo "2272"]
[Annotator "TA"]
[PlyCount "70"]
[EventDate "2018.10.04"]
[EventType "swiss"]
[EventCountry "POR"]
[SourceTitle "playchess.com"]
[Source "ChessBase"]
[SourceQuality "1"]

{[%evp 14,70,29,45,40,25,50,16,39,33,32,43,33,22,9,9,62,0,11,-8,-8,-17,-5,-34,-24,-31,-16,-14,-19,-15,-10,-61,-66,-75,-58,-63,-57,-271,-211,-212,-208,-268,-274,-262,-262,-262,-260,-260,-260,-272,-261,-262,-278,-262,-258,-252,-250,-281,-276]} 1. c4 e5 2. g3 Nf6 3. Bg2 d5 4. cxd5 Nxd5 5. Nc3 Nb6 6. e3 Bd6 {A22: English Opening: 1...e5 2 Nc3 Nf6} (6... Nc6 7. Nge2 h5 8. d4 h4 9. d5 Ne7 10. e4 hxg3 11. hxg3 Rxh1+ 12. Bxh1 Ng8 13. Be3 Nf6 14. Qc2 {0-1 (57) Ponkratov,P (2613)-Karjakin,S (2760) Riadh 2017}) 7. Nge2 O-O 8. O-O {LiveBook: 6 Games} c6 {White is slightly better.} 9. f4 Bg4 $146 ({Predecessor:} 9... f5 10. b3 N8d7 11. Bb2 Qe7 12. Qc2 a5 13. Rae1 e4 14. g4 Nc5 15. gxf5 Bxf5 16. Ng3 Rae8 17. Nxf5 Rxf5 18. Re2 Nd5 19. a3 Nxc3 20. Qxc3 Nd3 21. Bxe4 {1-0 (21) Dvirnyy,D (2560)-Marinelli,T (2367) Condino 2014}) 10. Qc2 N8d7 11. fxe5 Nxe5 12. d4 Ng6 13. b3 Qd7 14. Ne4 {[%cal Bc3e4,Be4f2,Bf2d3,Bd3c5][%mdl 32]} Rae8 ({Black should play} 14... Be7 $11) 15. N2c3 (15. Nxd6 $14 Qxd6 16. Nc3) 15... Bb4 16. Bd2 Bh3 17. Bxh3 Qxh3 18. Nf2 (18. Rae1 {is interesting.} Qd7 19. a4 f5 20. Nf2 Bxc3 21. Qxc3 Nd5 22. Qc4) 18... Qd7 19. Rae1 Re7 20. Nd3 Bxc3 21. Qxc3 Nd5 {[%cal Bb6d5,Bd5f6,Bf6g4][%mdl 32]} 22. Qc1 (22. Qc4 $11) 22... Rfe8 $15 23. Nc5 Qh3 24. e4 Nf6 $36 {[%mdl 2048] aiming for ...Ng4. Black is pushing.} 25. e5 $2 ({White should try} 25. Bg5 $1 $15) 25... Ng4 {[%csl Gg4][%cal Rh3h2]} 26. Re2 {[#]} N6xe5 $1 {[%mdl 512] ( -> ...Nf3+!)} 27. dxe5 Rxe5 28. Qc4 Qh5 $1 ({Inferior is} 28... Rxe2 29. Qxf7+ Kh8 30. Qf8+ $1 {[%mdl 512]} Rxf8 31. Rxf8#) 29. Rfe1 {Hoping for Qd4.} ({Much worse is} 29. Ne4 {[#]} Rxe4 $1 {[%mdl 512]} 30. Rfe1 R8e6 $19) 29... Rxe2 30. Rxe2 Rxe2 31. Qxe2 {[%cal Re2e8]} Qxc5+ 32. Kg2 Qd5+ 33. Kg1 {[%cal Re2e8]} Ne5 34. Bf4 f6 35. h4 Qd3 {Precision: White = 33%, Black = 66%.} 0-1

[Event "Guimaraes Open 2018"]
[Site "Guimaraes"]
[Date "2018.10.06"]
[Round "3"]
[White "Machado, Tomas Dias"]
[Black "Peixoto, Flavio Pimenta"]
[Result "1-0"]
[WhiteElo "1966"]
[BlackElo "1464"]
[Annotator "NA RC"]
[PlyCount "135"]
[EventDate "2018.10.04"]
[EventType "swiss"]
[EventCountry "POR"]
[SourceTitle "playchess.com"]
[Source "ChessBase"]
[SourceQuality "1"]
[TimeControl "5400+30"]

1. e4 {[%emt 0:02:05]} c5 {[%emt 0:00:04]} 2. Nf3 {[%emt 0:04:31]} Nc6 {[%emt 0:00:43]} 3. d4 {[%emt 0:00:09]} cxd4 {[%emt 0:00:14]} 4. Nxd4 {[%emt 0:00:07]} g6 {[%emt 0:02:30]} 5. Bc4 {[%emt 0:00:49]} Bg7 {[%emt 0:01:17]} 6. Nxc6 {[%emt 0:00:08]} bxc6 {[%emt 0:00:16]} 7. O-O {[%emt 0:00:09]} d6 {[%emt 0:02:53]} 8. Re1 {[%emt 0:01:14]} Qb6 {[%emt 0:01:17]} 9. Bb3 {[%emt 0:00:50]} a5 {[%emt 0:06:14]} 10. a4 {[%emt 0:00:57]} Nf6 {[%emt 0:04:27]} 11. h3 {[%emt 0:01:03]} O-O {[%emt 0:01:21]} 12. Nc3 {[%emt 0:03:04]} Be6 {[%emt 0:06:09]} 13. Be3 {[%emt 0:11:17]} Qb7 {[%emt 0:01:12]} 14. Ra3 {[%emt 0:00:35]} Rad8 {[%emt 0:03:29]} 15. Re2 {[%emt 0:08:06]} Rd7 {[%emt 0:10:21]} 16. Rd2 {[%emt 0:02:36]} Rfd8 {[%emt 0:00:13]} 17. f4 {[%emt 0:25:42]} d5 {[%emt 0:06:04]} 18. e5 {[%emt 0:01:41]} Ne8 {[%emt 0:00:16]} 19. g4 {[%emt 0:02:23]} Nc7 {[%emt 0:07:25]} 20. Ba2 {[%emt 0:04:40]} Na6 {[%emt 0:10:33]} 21. Bb3 {[%emt 0:14:58]} c5 {[%emt 0:01:46]} 22. f5 {[%emt 0:03:37]} gxf5 {[%emt 0:01:36]} 23. gxf5 {[%emt 0:00:06]} Bxf5 {[%emt 0:00:19]} 24. Bxd5 {[%emt 0:00:11]} Qb8 {[%emt 0:04:43]} 25. Qf1 {[%emt 0:08:39]} Qxe5 {[%emt 0:01:19]} 26. Bf4 {[%emt 0:00:15]} Qf6 {[%emt 0:00:30]} 27. Rb3 {[%emt 0:01:27]} Nb4 {[%emt 0:01:14]} 28. Qg2 {[%emt 0:01:38]} Bxc2 {[%emt 0:05:12]} 29. Bg5 {[%emt 0:00:31]} Qg6 {[%emt 0:00:15]} 30. Be4 {[%emt 0:00:39]} Bxe4 {[%emt 0:00:32]} 31. Nxe4 {[%emt 0:00:06]} Rxd2 {[%emt 0:01:15]} 32. Nxd2 {[%emt 0:00:42]} h6 {[%emt 0:02:16]} 33. Be3 {[%emt 0:00:28]} Qxg2+ {[%emt 0:00:39]} 34. Kxg2 {[%emt 0:00:01]} Rd3 {[%emt 0:00:27]} 35. Rxd3 {[%emt 0:00:35]} Nxd3 {[%emt 0:00:03]} 36. Nc4 {[%emt 0:00:19]} Nxb2 {[%emt 0:00:37]} 37. Nxb2 {[%emt 0:00:31]} Bxb2 {[%emt 0:00:15]} 38. Bxc5 {[%emt 0:00:02]} e5 {[%emt 0:02:23]} 39. Be3 {[%emt 0:00:23]} Kg7 {[%emt 0:03:06]} 40. Bd2 {[%emt 0:00:09]} Kg6 {[%emt 0:01:59]} 41. Bxa5 {[%emt 0:00:04]} Bd4 {[%emt 0:00:34]} 42. Bc7 {[%emt 0:01:08]} Kf5 {[%emt 0:00:22]} 43. a5 {[%emt 0:00:37]} Ke6 {[%emt 0:01:03]} 44. a6 {[%emt 0:01:43]} Kd7 {[%emt 0:00:39]} 45. Bxe5 {[%emt 0:00:12]} Bc5 {[%emt 0:04:08]} 46. Bf4 {[%emt 0:00:30]} h5 {[%emt 0:00:45]} 47. Kf3 {[%emt 0:00:53]} Kc6 {[%emt 0:00:15]} 48. Be3 {[%emt 0:00:34]} Bxe3 {[%emt 0:00:24]} 49. Kxe3 Kb6 {[%emt 0:00:04]} 50. Kf4 {[%emt 0:01:20]} Kxa6 {[%emt 0:00:10]} 51. Kg5 {[%emt 0:00:18]} Kb6 {[%emt 0:01:40]} 52. Kxh5 {[%emt 0:00:16]} Kc6 {[%emt 0:00:15]} 53. h4 {[%emt 0:00:47]} Kd6 {[%emt 0:00:15]} 54. Kh6 {[%emt 0:00:36]} Ke5 {[%emt 0:00:41]} 55. Kg5 {[%emt 0:00:34]} f6+ {[%emt 0:00:42]} 56. Kg6 {[%emt 0:00:08]} f5 {[%emt 0:00:09]} 57. h5 {[%emt 0:00:07]} f4 {[%emt 0:00:27]} 58. h6 {[%emt 0:00:00]} Ke4 {[%emt 0:00:59]} 59. h7 {[%emt 0:00:08]} Ke3 {[%emt 0:00:33]} 60. h8=Q {[%emt 0:00:06]} f3 {[%emt 0:00:24]} 61. Qe5+ {[%emt 0:00:32]} Kd2 {[%emt 0:02:08]} 62. Qf4+ {[%emt 0:00:08]} Ke2 {[%emt 0:00:18]} 63. Qe4+ {[%emt 0:00:08]} Kf2 {[%emt 0:00:15]} 64. Kg5 {[%emt 0:00:03]} Kg3 {[%emt 0:00:18]} 65. Qg4+ {[%emt 0:01:19]} Kf2 {[%emt 0:00:20]} 66. Kf4 {[%emt 0:00:06]} Kf1 {[%emt 0:00:54]} 67. Qxf3+ {[%emt 0:00:06]} Kg1 {[%emt 0:00:05]} 68. Qe2 {[%emt 0:00:09]} 1-0